| 000 | 01022cam a2200277 i 4500 | ||
|---|---|---|---|
| 001 | 46367 | ||
| 003 | Mx-PuUPA | ||
| 005 | 20220725120020.0 | ||
| 008 | 140415s2002 mx a gr 000 0 spa d | ||
| 040 |
_aMX-PuUPA _bspa _erda _cMx-PuUPA _dMx-PuUPA |
||
| 041 | 0 | _aspa | |
| 245 | 0 | 0 |
_aTemas selectos de psicología ambiental / _ccordinadores, Javier Guevara Martínez, Serafín Mercado Doménech. |
| 250 | _aPrimera edición | ||
| 264 | 1 |
_aMéxico, D.F. : _bUniversidad Nacional Autónoma de México, _bGreco, _bFundación Unilibre, _c2002 |
|
| 300 |
_a533 páginas : _btablas ; _c21 cm. |
||
| 336 |
_atexto _2rdacontent _btxt |
||
| 337 |
_asin medio _2rdamedia _bn |
||
| 338 |
_avolumen _2rdacarrier _bnc |
||
| 650 | 4 |
_aPsicología ambiental _zAmérica Latina |
|
| 650 | 4 | _aPsicología ambiental | |
| 700 | 1 |
_aGuevara Martínez, Javier, _ecoordinador _97231 |
|
| 700 | 1 |
_aMercado Doménech, Serafin, _ecoordinador _92604 |
|
| 942 |
_2ddc _cLI _h155.91 _iT278 |
||
| 999 |
_c46367 _d46367 |
||